000 00605nam a2200241 a 4500
001 nice12345678
003 IN_TiNIC
005 20260116011515.0
008 050524s1925 dela grs 000 0 03g
020 _a
_c100
082 0 0 _a297.2
_bHAS1
100 _aHasan Al, Mohammad Ehtesham
245 _aAlurwat-Ul-Wusqa
260 _aDelhi
_bPayam-E-mashriq Book Depot
_c1925
300 _a22p
500 _aincludes index and biblioraphy
505 2 _aIndex
650 _aIslam-Doctrines-Conflicts
700 1 _aHasan Al, Mohammad Ehtesham
902 _bSRS
942 _cPS
999 _c2145
_d2145